00886cam a22002531 4500001001300000003000400013005001700017008004100034010001700075035001900092040004800111050002300159051001500182100005500197245006100252260005100313300002500364490006800389500007200457504003200529650002600561650002800587999001700615gs 31000031 DLC20260227111335.0810720s1929 bl f b 000 0 por c ags 31000031  a(OCoLC)7598525 a(Library, U.S. Geological Survey)cNICdDLC00aQE235b.A27 vol. 9 aQE732b.R41 aReed, F. R. C.q(Frederick Richard Cowper),d1869-10aFaunas triassicas do Brasil,cpelo dr. F. R. Cowper Reed aRio de Janeiro,bPapelaria Americana,c[1929]. a97 p.bv pl.c30 cm.0 aBrazil. Serviço geologico e mineralogico. Monographias,vv. 9 aAt head of title: Ministerio da agricultura, industria e commercio. aBibliographical foot-notes. 0aPaleontologyzBrazil. 0aPaleontologyyTriassic. c26846d26846